000 00665nam a2200205Ia 4500
003 GCL
008 140319s9999 xx 000 0 ara d
040 _aGCL /
_cGCL
082 0 4 _a229.2
_bم ب
100 1 _aمحمد عبدالرحمن عوض
245 1 0 _aبناء شخصية المسلم: كما جاءت فى القران الكريم /
_cمحمد عبدالرحمن عوض
260 _a[S.N] :
_bدار الكتب العلمية للنشر والتوزيع ،
_c1989
300 _a87 ص
490 _a
650 0 4 _aالاسلام
650 0 4 _aالاخلاق الاسلامية
650 0 4 _aفضائل
650 0 4 _aالقران
942 _2ddc
_cBK
999 _c53706
_d53706